Acteurs du film "le pacte des loups" - Statistiques

Statistiques générales
  • Ce quiz a été pris 13 fois
  • Le résultat moyen est 6 sur 9
Statistiques - réponses
Par images Réponse % Correct
Vincent Cassel
100%
Monica Bellucci
77%
Samuel Le Bihan
77%
Bernard Farcy
62%
Emilie Dequenne
62%
Jean François Stévenin
62%
Jérémie Renier
62%
Jacques Perrin
31%
Mark Dacascos
23%
Aucun quiz correspondant
Distribution des résultats
% des personnes avec chaque résultat
Percentile par nombre de réponses
Votre historique - résultats
Vous n’avez pas pris ce quiz